Statistics : (Record no. 145492)

MARC details
000 -LEADER
fixed length control field 00747nam a22002177a 4500
005 - DATE AND TIME OF LATEST TRANSACTION
control field 20180120113644.0
010 ## - LCCN (DPL NO)
LC control number 1718EN-30
020 ## - INTERNATIONAL STANDARD BOOK NUMBER
International Standard Book Number 9789352533091
Terms of availability 525.00
035 ## - SYSTEM CONTROL NUMBER
System control number B-686181-192
037 ## - SOURCE OF ACQUISITION
Source of stock number/acquisition ABC
Stock number dpl
082 ## - DEWEY DECIMAL CLASSIFICATION NUMBER
Classification number 525.00
100 ## - MAIN ENTRY--PERSONAL NAME
Personal name Pillai, R.S.
245 ## - TITLE STATEMENT
Title Statistics :
Statement of responsibility, etc by R.S. Pillai [and] Bagavathi
Remainder of title theory and practice /
250 ## - EDITION STATEMENT
Edition statement 8th ed
260 ## - PUBLICATION, DISTRIBUTION, ETC. (IMPRINT)
Place of publication, distribution, etc New Delhi
Name of publisher, distributor, etc S.Chand
Date of publication, distribution, etc 2016
270 ## - ADDRESS
Address 7361, Ram Nagar,
City New Delhi
Postal code 110055
300 v# - PHYSICAL DESCRIPTION
Extent xii,875p.
Dimensions 23cm(pbk)
700 ## - ADDED ENTRY--PERSONAL NAME
Personal name Bagavathi
942 ## - ADDED ENTRY ELEMENTS (KOHA)
Source of classification or shelving scheme Dewey Decimal Classification
Item type English Books
Call number suffix PIL
Classification part 519.5
Holdings
Withdrawn status Lost status Not for loan Collection code Home library Current library Date acquired Source of acquisition Cost, normal purchase price Full call number Barcode Copy number Cost, replacement price Koha item type
      Non-fiction Ashok Vihar Ashok Vihar 20/01/2018 ABC/5278/5.12.17/BPPD/EN/2017-18/636/20.11.17/6.1.2018 525.00 519.5 PIL B-686182 1 525.00 English Books
      Non-fiction Bawana Bawana 20/01/2018 ABC/5278/5.12.17/BPPD/EN/2017-18/636/20.11.17/6.1.2018 525.00 519.5 PIL B-686191 1 525.00 English Books
      Non-fiction Central Library Central Library 20/01/2018 ABC/5278/5.12.17/BPPD/EN/2017-18/636/20.11.17/6.1.2018 525.00 519.5 PIL B-686181 1 525.00 English Books
      Non-fiction Janak Puri Janak Puri 20/01/2018 ABC/5278/5.12.17/BPPD/EN/2017-18/636/20.11.17/6.1.2018 525.00 519.5 PIL B-686187 1 525.00 English Books
      Non-fiction Kasturba Gandhi Marg Kasturba Gandhi Marg 20/01/2018 ABC/5278/5.12.17/BPPD/EN/2017-18/636/20.11.17/6.1.2018 525.00 519.5 PIL B-686184 1 525.00 English Books
      Non-fiction Narela Narela 20/01/2018 ABC/5278/5.12.17/BPPD/EN/2017-18/636/20.11.17/6.1.2018 525.00 519.5 PIL B-686190 1 525.00 English Books
      Non-fiction Patel Nagar Patel Nagar 20/01/2018 ABC/5278/5.12.17/BPPD/EN/2017-18/636/20.11.17/6.1.2018 525.00 519.5 PIL B-686183 1 525.00 English Books
      Non-fiction Peshwa Road Peshwa Road 20/01/2018 ABC/5278/5.12.17/BPPD/EN/2017-18/636/20.11.17/6.1.2018 525.00 519.5 PIL B-686185 1 525.00 English Books
      Non-fiction R.K.Puram-8 R.K.Puram-8 20/01/2018 ABC/5278/5.12.17/BPPD/EN/2017-18/636/20.11.17/6.1.2018 525.00 519.5 PIL B-686189 1 525.00 English Books
      Non-fiction Sarojini Nagar Sarojini Nagar 20/01/2018 ABC/5278/5.12.17/BPPD/EN/2017-18/636/20.11.17/6.1.2018 525.00 519.5 PIL B-686188 1 525.00 English Books
      Non-fiction Shahdara Branch Shahdara Branch 20/01/2018 ABC/5278/5.12.17/BPPD/EN/2017-18/636/20.11.17/6.1.2018 525.00 519.5 PIL B-686192 1 525.00 English Books
      Non-fiction Tri Nagar Tri Nagar 20/01/2018 ABC/5278/5.12.17/BPPD/EN/2017-18/636/20.11.17/6.1.2018 525.00 519.5 PIL B-686186 1 525.00 English Books

© Delhi Public Library
Hit Counter
free hit counter